000 01481cam a22003017a 4500
005 20200104041535.0
008 030801s2000 enka grb 001 0 eng d
020 _a1853836826
020 _a1853835153 (pbk.)
040 _aCO-BoIAVH
_cCO-BoIAVH
041 _aeng
042 _alccopycat
082 0 0 _a338.927
_bP35b
100 1 _aPearce, David W.
_921769
245 1 0 _aBlueprint for a sustainable economy /
_cDavid Pearce, Edward Barbier.
260 _aLondon :
_bEarthscan,
_c2000.
300 _axiv, 273 p. :
_bill. ;
_c22 cm.
504 _aIncludes bibliographical references (p. [251]-266) and index.
505 0 _aThe meaning of sustainable development -- Valuing the environment -- Measuring sustainable development: economic approaches -- Measuring sustainable development: ecological approaches -- The causes of environmental degredation -- Solving environmental problems I: property rights, markets and macroeconomy -- Solving environmental problems II: choosing policy instruments -- Business and the environment -- Ecological economics: a new paradigm?.
650 0 _aSustainable development.
_956969
650 0 _aDesarrollo sostenible
_9278
650 0 _aEconomic development
_xEnvironmental aspects.
_956971
650 0 _aDesarrollo economico
_xAspectos ambientales
_956972
650 0 _aEnvironmental degradation.
_956973
700 1 _aBarbier, Edward,
_d1957-
_956974
942 _2ddc
_cLIBRO
999 _c2743
_d2743